[Event "Red River Shootout 14th"]
[Site "Davis"]
[Date "2016.04.16"]
[Round "1.4"]
[White "Johnson, Chuck"]
[Black "Gonzalez, Aurelio"]
[Result "1/2-1/2"]
[WhiteElo "2027"]
[BlackElo "1921"]
[PlyCount "48"]
[EventDate "2016.04.16"]
[EventType "team-match"]
[EventRounds "2"]
[EventCountry "USA"]
[SourceTitle "EXT 2019"]
[Source "ChessBase"]
[SourceDate "2018.10.10"]
[SourceVersion "1"]
[SourceVersionDate "2018.10.10"]
[SourceQuality "1"]
[WhiteTeam "Oklahoma"]
[BlackTeam "Texas"]
[WhiteTeamCountry "USA"]
[BlackTeamCountry "USA"]

1. d4 Nf6 2. c4 g6 3. Nc3 d5 4. cxd5 Nxd5 5. Nf3 Bg7 6. g3 0-0 7. Bg2 Nb6 8. 0-0 Nc6 9. e3 Bg4 10. h3 Bf5 11. e4 Bd7 12. d5 Ne5 13. Nxe5 Bxe5 14. f4 Bg7 15. Kh2 c6 16. e5 cxd5 17. Nxd5 Bc6 18. Nxb6 Qxb6 19. Bxc6 Qxc6 20. Be3 Rfd8 21. Qf3 Qxf3 22. Rxf3 Rac8 23. Rc1 b6 24. Kg2 Kf8 1/2-1/2

[Event "Thompson Memorial op U2000"]
[Site "Dallas"]
[Date "2001.09.14"]
[Round "1"]
[White "Veal, Joe Dean"]
[Black "Gonzalez, Aurelio"]
[Result "1-0"]
[WhiteElo "1941"]
[BlackElo "1825"]
[PlyCount "79"]
[EventDate "2001.09.14"]
[EventType "swiss"]
[EventRounds "5"]
[EventCountry "USA"]
[SourceTitle "EXT 2005"]
[Source "ChessBase"]
[SourceDate "2004.11.15"]
[SourceVersion "1"]
[SourceVersionDate "2004.11.15"]
[SourceQuality "1"]

1. e4 c5 2. Nf3 d6 3. d4 cxd4 4. Nxd4 Nf6 5. Nc3 a6 6. Be2 b5 7. 0-0 e6 8. f4 Qc7 9. e5 dxe5 10. fxe5 Nfd7 11. Bxb5 Bc5 12. Bxd7+ Nxd7 13. Ne4 Bb7 14. Nd6+ Bxd6 15. exd6 Qxd6 16. Nf5 Qxd1 17. Nxg7+ Ke7 18. Rxd1 Rhg8 19. Bg5+ f6 20. Rxd7+ Kxd7 21. Bxf6 Raf8 22. Rd1+ Kc8 23. Be5 Rf7 24. Rf1 Rfxg7 25. Bxg7 Rxg7 26. g3 Kd7 27. Rf8 Kd6 28. Kf2 Rc7 29. c3 Bd5 30. a3 a5 31. Ke3 a4 32. Rd8+ Ke5 33. Rf8 Rb7 34. Rf2 Kd6 35. g4 Rg7 36. h3 h5 37. Rf4 hxg4 38. hxg4 Bb3 39. Rb4 Rh7 40. g5 1-0

[Event "Ken Smith Memorial op U2000"]
[Site "Dallas"]
[Date "2001.02.24"]
[Round "3"]
[White "Gonzalez, Aurelio"]
[Black "Sawyer, Bradley J"]
[Result "0-1"]
[WhiteElo "1854"]
[BlackElo "1659"]
[PlyCount "64"]
[EventDate "2001.02.23"]
[EventType "swiss"]
[EventRounds "5"]
[EventCountry "USA"]
[SourceTitle "EXT 2005"]
[Source "ChessBase"]
[SourceDate "2004.11.15"]
[SourceVersion "1"]
[SourceVersionDate "2004.11.15"]
[SourceQuality "1"]

1. e4 c5 2. Nf3 d6 3. d4 cxd4 4. Nxd4 Nf6 5. Nc3 Nc6 6. Bc4 Bd7 7. Bb3 g6 8. Bg5 Bg7 9. f3 Rc8 10. Qd2 Qa5 11. Nxc6 Rxc6 12. 0-0-0 Rxc3 13. e5 Ne4 14. fxe4 Bxe5 15. Be3 0-0 16. Kb1 Bg4 17. Rdf1 Rc5 18. Qf2 Rb5 19. Bh6 Bg7 20. Bxf7+ Kh8 21. Bxg7+ Kxg7 22. Qh4 Rxf7 23. Rxf7+ Kxf7 24. Qxg4 Qc3 25. Qf3+ Qxf3 26. gxf3 Kf6 27. f4 Rh5 28. h4 e5 29. fxe5+ Kxe5 30. c4 g5 31. Rg1 gxh4 32. Rd1 Kxe4 0-1

[Event "Thompson Memorial op U2000"]
[Site "Dallas"]
[Date "2000.08.04"]
[Round "1"]
[White "Ahmed, Jahangir"]
[Black "Gonzalez, Aurelio"]
[Result "1/2-1/2"]
[WhiteElo "1994"]
[BlackElo "1863"]
[PlyCount "80"]
[EventDate "2000.08.04"]
[EventType "swiss"]
[EventRounds "5"]
[EventCountry "USA"]
[SourceTitle "EXT 2005"]
[Source "ChessBase"]
[SourceDate "2004.11.15"]
[SourceVersion "1"]
[SourceVersionDate "2004.11.15"]
[SourceQuality "1"]

1. e4 c5 2. c3 Nc6 3. d4 cxd4 4. cxd4 d6 5. Nf3 Nf6 6. Nc3 a6 7. Be2 b5 8. e5 dxe5 9. dxe5 Qxd1+ 10. Bxd1 Ng4 11. Nd5 Ra7 12. 0-0 e6 13. Nb6 Bd7 14. Bf4 h5 15. a4 Rb7 16. Nxd7 Kxd7 17. h3 Nh6 18. Be2 Nb4 19. axb5 axb5 20. Nd4 Bc5 21. Nxb5 Ke7 22. Nd6 Rd7 23. Bb5 Rc7 24. Rfc1 Rb8 25. Be2 Nd5 26. Bg5+ f6 27. Bxh6 gxh6 28. Ne4 Rxb2 29. Bxh5 Bb6 30. exf6+ Nxf6 31. Rxc7+ Bxc7 32. Nxf6 Kxf6 33. g3 Bb6 34. Rf1 e5 35. Kg2 e4 36. Kg1 Kg5 37. Be8 h5 38. Bc6 h4 39. gxh4+ Kxh4 40. Bxe4 Rxf2 1/2-1/2